header

Dubious facts (Record no. 47314)

MARC details
000 -LEADER
fixed length control field 01301nam a2200313Ia 4500
100 1# - MAIN ENTRY--AUTHOR NAME
Personal name Olberding, Garret P. S.
245 10 - TITLE STATEMENT
Title Dubious facts
260 ## - PUBLICATION, DISTRIBUTION, ETC. (IMPRINT)
Place of publication Albany :
Name of publisher State University of New York Press,
Year of publication c2012.
300 ## - PHYSICAL DESCRIPTION
Number of Pages x, 278 p.
856 40 - ELECTRONIC LOCATION AND ACCESS
Uniform Resource Identifier http://site.ebrary.com/lib/rucke/Doc?id=10633693

No items available.

© 2026 Rongo University
Contact us: librarian | system librarian | Rongo university